00662 2200217 4500001002100000005001500021035002000036007000300056008004100059020002200100082001600122084002200138100002500160245004700185250001600232260008500248300004500333650002600378650002200404856001800426INLIS00000000000004720250710115214 a0010-0725000047ta250710 a 0 ind  a978-623-118-891-5 a398.209 598 a398.209 598 USM b0 aUsman, Aan Wulandari1 aWasta dan Laba-Laba /cAan Wulandari Usman aedisi kedua aJakarta Timur :bKementerian Pendidikan, Kebudayaan. Riset, dan Teknologi,c2023 a24 hlm. :bilus. ;c29,7 cme398.209 598 4aCerita Anak-Indonesia 4aKesusastraan Anak aTBM As Suhada